The war of the worlds (Record no. 2747)

MARC details
000 -LEADER
fixed length control field 01526cam a2200301 a 4500
001 - CONTROL NUMBER
control field 2747
003 - CONTROL NUMBER IDENTIFIER
control field FISKH
005 - DATE AND TIME OF LATEST TRANSACTION
control field 20240112101337.0
008 - FIXED-LENGTH DATA ELEMENTS--GENERAL INFORMATION
fixed length control field 061229s2006 mnua c 000 1 eng
020 ## - INTERNATIONAL STANDARD BOOK NUMBER
International Standard Book Number 0196382343
040 ## - CATALOGING SOURCE
Original cataloging agency DLC
Transcribing agency DLC
Language of cataloging eng
Modifying agency FISKH
042 ## - AUTHENTICATION CODE
Authentication code lcac
050 00 - LIBRARY OF CONGRESS CALL NUMBER
Classification number PZ7.7.E34
Item number War 2005
082 00 - DEWEY DECIMAL CLASSIFICATION NUMBER
Classification number [Fic]
Edition number 22
100 1# - MAIN ENTRY--PERSONAL NAME
Personal name Wells, H.G.
Dates associated with a name 1866-1946
Fuller form of name Herbert George Wells
245 14 - TITLE STATEMENT
Title The war of the worlds
246 30 - VARYING FORM OF TITLE
Title proper/short title War of the worlds
250 ## - EDITION STATEMENT
Edition statement Fourth impression
260 ## - PUBLICATION, DISTRIBUTION, ETC.
Place of publication, distribution, etc. Hong Kong :
Name of publisher, distributor, etc. Oxford University Press,
Date of publication, distribution, etc. 1975
300 ## - PHYSICAL DESCRIPTION
Extent 90 pages :
Other physical details color illustrations, maps ;
Dimensions 22 cm.
520 ## - SUMMARY, ETC.
Summary, etc. The War of the Worlds is a science fiction novel by English author H. G. Wells. It was written between 1895 and 1897,[2] and serialised in Pearson's Magazine in the UK and Cosmopolitan magazine in the US in 1897. The full novel was first published in hardcover in 1898 by William Heinemann. The War of the Worlds is one of the earliest stories to detail a conflict between humankind and an extraterrestrial race.[3] The novel is the first-person narrative of an unnamed protagonist in Surrey and his younger brother in London as southern England is invaded by Martians. It is one of the most commented-on works in the science fiction canon
650 #1 - SUBJECT ADDED ENTRY--TOPICAL TERM
Topical term or geographic name entry element Graphic novels.
650 #1 - SUBJECT ADDED ENTRY--TOPICAL TERM
Topical term or geographic name entry element Science fiction.
655 #0 - INDEX TERM--GENRE/FORM
Genre/form data or focus term Graphic novels.
700 1# - ADDED ENTRY--PERSONAL NAME
Personal name Wells, H. G.
Fuller form of name (Herbert George),
Dates associated with a name 1866-1946.
Title of a work War of the worlds.
906 ## - LOCAL DATA ELEMENT F, LDF (RLIN)
a 0
b ibc
c origcop
d 2
e ncip
f 20
g y-gencatlg
942 ## - ADDED ENTRY ELEMENTS (KOHA)
Source of classification or shelving scheme Dewey Decimal Classification
Koha item type Books
Suppress in OPAC No
Holdings
Withdrawn status Lost status Source of classification or shelving scheme Damaged status Not for loan Collection Home library Current library Shelving location Date acquired Total Checkouts Full call number Barcode Date last seen Price effective from Koha item type
    Dewey Decimal Classification     Fiction Footprints International School Library Network Toul Kork Campus Footprints International School Library Network Toul Kork Campus   01/12/2024   WEL 823.912 PR5774 2024-0025 01/12/2024 01/12/2024 Books